INTRODUCTION TO PLANT BIOTECHNOLOGY (Record no. 5552)

MARC details
000 -LEADER
fixed length control field 00426nam a22001697a 4500
005 - DATE AND TIME OF LATEST TRANSACTION
control field 20170909131949.0
008 - FIXED-LENGTH DATA ELEMENTS--GENERAL INFORMATION
fixed length control field 170909b xxu||||| |||| 00| 0 eng d
020 ## - INTERNATIONAL STANDARD BOOK NUMBER
ISBN 978-81-204-1732-8
041 ## - LANGUAGE CODE
Language code of text/sound track or separate title eng
082 ## - DEWEY DECIMAL CLASSIFICATION NUMBER
Classification number 630
100 ## - MAIN ENTRY--AUTHOR NAME
Personal name CHAWLA, H.S.
245 ## - TITLE STATEMENT
Title INTRODUCTION TO PLANT BIOTECHNOLOGY
250 ## - EDITION STATEMENT
Edition statement 3rd
260 ## - PUBLICATION, DISTRIBUTION, ETC. (IMPRINT)
Place of publication NEW DELHI
Name of publisher OXFORD & IBH PUBLISHING CO. PVT.LTD
Year of publication 2009
300 ## - PHYSICAL DESCRIPTION
Number of Pages 698p.
942 ## - ADDED ENTRY ELEMENTS (KOHA)
Koha item type Books
Holdings
Lost status Damaged status Collection code Home library Current library Shelving location Date acquired Source of acquisition Cost, normal purchase price Full call number Accession Number Koha item type
    AGRICULTURE JRU Library JRU Library SHELF-46-C 09/09/2017 PURCHESS 590.00 630 21897 Books
    AGRICULTURE JRU Library JRU Library SHELF-46-C 09/09/2017 PURCHESS 590.00 630 21898 Books
    AGRICULTURE JRU Library JRU Library SHELF-46-C 09/09/2017 PURCHESS 590.00 630 21899 Books
    AGRICULTURE JRU Library JRU Library SHELF-46-C 09/09/2017 PURCHESS 590.00 630 21900 Books
    Reference JRU Library JRU Library SHELF-2-D 09/09/2017 PURCHESS 590.00 630 21901 Books